LEADER 01452nam0 22003011i 450 001 UON00528303 005 20251203125228.815 010 $a978-15-01-77950-3 100 $a20250424d2024 |0itac50 ba 101 $aeng 102 $aUS 105 $a|||| ||||| 200 1 $aCollectivization generation$eoral histories of a social revolution in Uzbekistan$fMarianne Kamp 210 $aIthaca$aLondon$cCornell University Press$d2024 215 $axi, 285 p.$d23 cm. 606 $aAsia centrale$xCondizioni sociali$3UONC004670$2FI 606 $aUzbekistan$xCondizioni sociali$x1917-1991$3UONC105298$2FI 620 $aUS$dIthaca (N.Y.)$3UONL000309 686 $aAC XIII$cAsia Centrale - Sociologia, Ecologia, Politica ambientale$2A 700 1$aKamp$bMarianne$3UONV145210$01858123 712 $aCornell University Press$3UONV256977$4650 801 $aIT$bSOL$c20251205$gRICA 899 $aSIBA - SISTEMA BIBLIOTECARIO DI ATENEO E ARCHIVIO STORICO$2UONSI 912 $aUON00528303 950 $aSIBA - SISTEMA BIBLIOTECARIO DI ATENEO E ARCHIVIO STORICO$dSI AC XIII 028 N $eSI 53115 5 028 N $sBuono 951 $aSIBA - SISTEMA BIBLIOTECARIO DI ATENEO E ARCHIVIO STORICO$bSI2025110 1J 20250424D.D.T. n. 196 del 18/9/2025. 996 $aCollectivization generation$94459593 997 $aUNIOR LEADER 01732nas 2200505 c 450 001 9910896207403321 005 20260218111653.0 024 7 $aurn:nbn:de:hbz:6-81629642984 024 7 $aurn:nbn:de:hebis:30:2-47932 035 $a(DE-599)ZDB2259568-5 035 $a(OCoLC)1368863566 035 $a(DE-101)982007035 035 $a(CKB)5580000000493199 035 $a(DE-599)2259568-5 035 $a(EXLCZ)995580000000493199 100 $a20061121b18211823 |y | 101 0 $ager 135 $aur||||||||||| 181 $ctxt$2rdacontent 182 $cc$2rdamedia 183 $acr$2rdacarrier 200 00$aTaschenbuch fu?r Schauspieler und Schauspielfreunde$efu?r das Jahr ..$fhrsg. von Lembert 210 31$aWien$cTendler & Manstein$d1821-1823 215 $aOnline-Ressource 300 $aGesehen am 18.07.13 606 $aTheater$3(DE-588)4059702-7$3https://d-nb.info/gnd/4059702-7$3(DE-101)040597024$9rswk-swf$2gnd 606 $aLiteratur$3(DE-588)4035964-5$3https://d-nb.info/gnd/4035964-5$3(DE-101)040359646$9rswk-swf$2gnd 606 $aTheaterschaffender$3(DE-588)4185043-9$3https://d-nb.info/gnd/4185043-9$3(DE-101)041850432$9rswk-swf$2gnd 608 $aZeitschrift$2gnd-content 608 $aBiografie$2gnd-content 608 $aZeitschrift$9rswk-swf$2gnd 608 $aOnline-Publikation$9rswk-swf$2gnd 608 $aBiographie$9rswk-swf$2gnd 615 7$aTheater. 615 7$aLiteratur. 615 7$aTheaterschaffender. 676 $a792 686 $aTHEATER$qDE-30$2fid 801 0$b0006 801 1$bDE-101 801 2$b9999 906 $aJOURNAL 912 $a9910896207403321 996 $aTaschenbuch für Schauspieler und Schauspielfreunde$92074885 997 $aUNINA